000 00312nam a22001337a 4500
008 180927b xxu||||| |||| 00| 0 eng d
020 _a9781412956512
041 _aeng
080 _a370
100 _a37
101 _aEDU
245 _aCompleting Your Qualitative Dissertation
_cVolpe.M
942 _2udc
_cBK
999 _c48554
_d48554